| 000 | 00859cam a2200229 a 4500 | ||
|---|---|---|---|
| 001 | 000012640 | ||
| 005 | 20251105110124.0 | ||
| 008 | 750224s1970 pr 000 0 spa | ||
| 040 |
_aDO-SdBNP _bspa _cLC _dBNPHU |
||
| 082 |
_a327 _bM111t |
||
| 100 | 1 |
_aMañach, Jorge, _d1898-1961. _929417 |
|
| 245 | 1 | 0 |
_aTeoría de la frontera / _cJorge Mañach ; introducción Concha Meléndez. |
| 260 |
_a[Río Piedras] : _bUniversitaria, Universidad de Puerto Rico, _c1970. |
||
| 300 |
_a171 p. ; _c22 cm. |
||
| 650 | 4 |
_aRelaciones internacionales y cultura _929418 |
|
| 651 | 4 |
_aAmérica Latina _xRelaciones Exteriores _zEstados Unidos _92770 |
|
| 651 | 4 |
_aEstados Unidos _xRelaciones _zAmérica Latina _915919 |
|
| 651 | 0 |
_aAmérica Latina _xCivilización _916665 |
|
| 700 | 1 |
_aMeléndez, Concha, _eintrod. _96264 |
|
| 910 | _aCatalogación por copia / LC | ||
| 049 | _aBNGR | ||
| 999 |
_c12292 _d12292 |
||